000
00284nam a22001337a 4500
082
_a
894.812.3
_b
NAR/V
100
_a
P NARENDRANAD
245
_a
VIKRUTHI RAMAN
250
_a
1
260
_a
KOTTAYAM
_b
D C BOOKS
300
_a
42
650
_a
MALAYLAM SHORT STORY
_z
KERALA
942
_c
BK
999
_c
1171
_d
1171